000 00937cab a2200241 4500
001 ABS53788
008 090401t1995 xxu||||| |||| 00| 0 eng d
035 _a(Sirsi) u6604
041 _aeng
100 _aLichtenstein, J.
245 _aFoster old tenancies as well as the new
260 _c1995
350 _a0
490 _aFarmland Market
_v(44) Autumn 1995, 12-13(2)
520 _aConsiders the two-tier system of agricultural tenancies that is evolving with the introduction of the non-retrospective Agricultural Tenancies Act 1995 replacing the Agricultural Holdings Act 1986. Particularly considers issues of paying rent, subletting, and succession rights.
650 _aAGRICULTURAL HOLDINGS ACT 1986
650 _aAGRICULTURAL PROPERTY
650 _aAGRICULTURAL TENANCIES ACT 1995
650 _aFARM BUSINESS TENANCIES
690 _aLANDLORD AND TENANT-AGRICULTURAL TENANCIES
942 _n0
948 _c04/03/1997
999 _c3945
_d3945